| 000 | 00975cam a22003018a 4500 | ||
|---|---|---|---|
| 008 | |||
| 020 | _a9780443102097 (pbk.) | ||
| 049 | _aMAIN | ||
| 090 |
_aQR46 _bMED |
||
| 245 | 0 | 0 |
_aMedical microbiology : _ba guide to microbial infections : pathogenesis, immunity, laboratory diagnosis, and control / _cedited by David Greenwood ... [et al.]. |
| 250 | _a17th ed. | ||
| 260 |
_aEdinburgh : _bChurchill Livingstone/Elsevier, _c2007. |
||
| 300 |
_axiv, 738 p. : _bcol. ill. ; _c25 cm. |
||
| 500 | _aIncludes index. | ||
| 504 | _aIncludes bibliographical references. | ||
| 650 | 0 | _aMedical microbiology. | |
| 650 | 1 | 2 |
_aInfection _xmicrobiology. |
| 650 | 2 | 2 | _aBacteria. |
| 650 | 2 | 2 | _aFungi. |
| 650 | 2 | 2 | _aMicrobiological Techniques. |
| 650 | 2 | 2 | _aViruses. |
| 700 | 1 | _aGreenwood, David. | |
| 907 |
_a.b10331906 _b17-06-13 _c03-06-13 |
||
| 003 | |||
| 005 | 20230123122021.0 | ||
| 040 | _cNUST | ||
| 942 |
_cBOOKS _kQR46 _mMED |
||
| 999 |
_c126356 _d126356 |
||